00404 2200169 4500245003800000020002200038250001100060100001600071700001600087650001600103005001900119260004200138041001400180084000800194300002300202336000900225 aPengabdi CilokcIwok AbqaryhText a978-602-03-8151-0 aCet. 1 aIwok Abqary aIrvan Aqila aNovel Horor a20230117094720 aJakartabGramedia Pustaka Utamac2018 aIndonesia a813 a208 hlm. :c20 cm. atext